| 000 | 01009cam a22002895a 4500 | ||
|---|---|---|---|
| 001 | 17033845 | ||
| 005 | 20150928121851.0 | ||
| 008 | 111104s2012 enka frb 001 0 eng d | ||
| 010 | _a2011045601 | ||
| 020 | _a 0415593077 | ||
| 020 | _a9780415593076 | ||
| 040 |
_aDLC _cDLC _beng _dEG-ScBUE |
||
| 082 | 0 | 4 |
_a624.0683 _bHUM _222 |
| 245 | 0 | 0 |
_aHuman resource management in construction : _bcritical perspectives / _cedited by Andrew Dainty and Martin Loosemore. |
| 250 | _a2nd ed. | ||
| 260 |
_aOxon ; _aNew York : _bRoutledge / Taylor & Francis Group, _c2012. |
||
| 300 |
_axxi, 296 p. : _bill. ; _c24 cm. |
||
| 500 | _aIndex : p. 281-296. | ||
| 504 | _aIncludes bibliographical references. | ||
| 650 | 7 |
_aConstruction industry _xPersonnel management. _935840 _2BUEsh |
|
| 651 | _2BUEsh | ||
| 653 |
_bENGARC _cMarch2014 _cAugust2015 |
||
| 655 |
_vReading book _934232 |
||
| 700 | 1 |
_aDainty, Andrew, _eeditor. _912179 |
|
| 700 | 1 |
_aLoosemore, Martin, _d1962-, _eeditor. _935841 |
|
| 942 |
_2ddc _k624.0683 HUM |
||
| 999 |
_c18194 _d18166 |
||